La pequeña Burgesia en la Historia de la Republica Dominicana/ Juan Bosch (Registro nro. 12414)
[ vista simple ]
| 000 -LEADER | |
|---|---|
| fixed length control field | 00626nam a22001931a 4500 |
| 001 - CONTROL NUMBER | |
| control field | 12414 |
| 003 - CONTROL NUMBER IDENTIFIER | |
| control field | OSt |
| 005 - DATE AND TIME OF LATEST TRANSACTION | |
| control field | 20260204212325.0 |
| 008 - FIXED-LENGTH DATA ELEMENTS--GENERAL INFORMATION | |
| fixed length control field | 150925s2012|||| ||||||b||||||||||spa|| |
| 020 ## - NUMERO DE LIBRO INTERNACIONAL NORMALIZADO | |
| International Standard Book Number | 9789945874037 |
| 082 ## - DEWEY DECIMAL CLASSIFICATION NUMBER | |
| Classification number | RD 972.9304 B651p |
| 100 ## - ASIENTO PRINCIPAL -- NOMBRE PERSONAL | |
| Personal name | Bosch, Juan |
| 245 ## - TÍTULO PROPIAMENTE DICHO: SUBTÍTULO | |
| Title | La pequeña Burgesia en la Historia de la Republica Dominicana/ Juan Bosch |
| 264 ## - PRODUCTION, PUBLICATION, DISTRIBUTION, MANUFACTURE, AND COPYRIGHT NOTICE | |
| Place of production, publication, distribution, manufacture | Santo Domingo: Talleres Soto Castillo |
| 300 ## - PHYSICAL DESCRIPTION | |
| Extensión | 109 p. |
| 500 ## - GENERAL NOTE | |
| General note | incluye bibliografia |
| 650 ## - ASIENTO SECUNDARIO DE MATERIA -- TERMINO TEMÁTICO | |
| Termino Temático Como Elemento de Entrada | 1-REPUBLICA DOMINICANA-HISTORIA-1844-1861-2-CLASE MEDIA-REPUBLICA DOMINICANA 3- CLASE SOCIALES-REPUBLICA DOMINICANAÌ |
| 942 ## - ADDED ENTRY ELEMENTS (KOHA) | |
| Source of classification or shelving scheme | Dewey Decimal Classification |
| Koha item type | Libros |
No hay ítems disponibles.
